Logika prikladnogo statističeskogo analiza
Gespeichert in:
| 1. Verfasser: | |
|---|---|
| Weitere Verfasser: | |
| Format: | Buch |
| Sprache: | Russisch |
| Veröffentlicht: |
Moskva
Finansy i statistika
1982
|
| Tags: |
Keine Tags, Fügen Sie das erste Tag hinzu!
|
MARC
| LEADER | 00000nam a2200000 4500 | ||
|---|---|---|---|
| 001 | c132612 | ||
| 005 | 20041019155255.7 | ||
| 041 | 0 | |a rus | |
| 044 | |a RU | ||
| 245 | 1 | 0 | |a Logika prikladnogo statističeskogo analiza |c I.I. Jelisejeva, V.O. Rukavišnikov |
| 264 | 1 | |a Moskva |b Finansy i statistika |c 1982 | |
| 300 | |a 190 s. | ||
| 100 | 1 | |a Jelisejeva, I.I. | |
| 700 | 1 | |a Rukavišnikov, V.O. | |